| 000 | 01403nam a2200349Ia 4500 | ||
|---|---|---|---|
| 001 | ebr10130467 | ||
| 003 | CaPaEBR | ||
| 006 | m u | ||
| 007 | cr cn||||||||| | ||
| 008 | 031020s2004 enka sb 001 0 eng d | ||
| 010 | _z 2003056923 | ||
| 020 | _z0511194056 | ||
| 020 | _z0521837677 | ||
| 020 | _z0521546737 (pbk.) | ||
| 040 |
_aCaPaEBR _cCaPaEBR |
||
| 035 | _a(OCoLC)144618547 | ||
| 050 | 1 | 4 |
_aH61 _b.B6366 2004eb |
| 082 | 0 | 4 |
_a001.4/32 _222 |
| 100 | 1 |
_aBox-Steffensmeier, Janet M., _d1965- |
|
| 245 | 1 | 0 |
_aEvent history modeling _h[electronic resource] : _ba guide for social scientists / _cJanet M. Box-Steffensmeier, Bradford S. Jones. |
| 260 |
_aCambridge ; _aNew York : _bCambridge University Press, _c2004. |
||
| 300 |
_axiii, 218 p. : _bill. |
||
| 504 | _aIncludes bibliographical references (p. 201-211) and index. | ||
| 533 |
_aElectronic reproduction. _bPalo Alto, Calif. : _cebrary, _d2009. _nAvailable via World Wide Web. _nAccess may be limited to ebrary affiliated libraries. |
||
| 650 | 0 |
_aEvent history analysis _xComputer simulation. |
|
| 650 | 0 |
_aSocial sciences _xMethodology. |
|
| 650 | 0 |
_aHistory _xMethodology. |
|
| 655 | 7 |
_aElectronic books. _2local |
|
| 700 | 1 |
_aJones, Bradford S., _d1965- |
|
| 710 | 2 | _aebrary, Inc. | |
| 856 | 4 | 0 |
_uhttp://site.ebrary.com/lib/rucke/Doc?id=10130467 _zAn electronic book accessible through the World Wide Web; click to view |
| 999 |
_c77573 _d77573 |
||